000 00331 a2200109 4500
001 ART_11394
005 20260410161857.0
008 260409a
245 1 0 _aDesempleo, Inversión y Reforma de Leyes Laborales
100 1 _aFerro, Gustavo
773 0 _tRevista de Economía
_g- Nº 77 (abr./jun. 1995)
_wREV11077
999 _c25531
_d25531